Národní hospodářství
Gespeichert in:
| 1. Verfasser: | |
|---|---|
| Format: | Buch |
| Sprache: | Tschechisch |
| Veröffentlicht: |
Plzeň
Vydavatelství a nakladatelství Aleš Čeněk
2025
|
| Ausgabe: | reprint původního vydání z roku 1922 |
| Schlagworte: | |
| Tags: |
Keine Tags, Fügen Sie das erste Tag hinzu!
|
MARC
| LEADER | 00000nam a2200000 4500 | ||
|---|---|---|---|
| 001 | 0310860 | ||
| 005 | 20250725103324.1 | ||
| 020 | |a 978-80-7380-967-6 | ||
| 041 | 0 | |a cze | |
| 044 | |a CZ | ||
| 245 | 1 | 0 | |a Národní hospodářství |c napsal Alois Rašín |
| 250 | |a reprint původního vydání z roku 1922 | ||
| 264 | 1 | |a Plzeň |b Vydavatelství a nakladatelství Aleš Čeněk |c 2025 | |
| 300 | |a 378 s. | ||
| 610 | 2 | 0 | |a hospodárstvo národné |
| 610 | 2 | 0 | |a politika hospodárska |
| 610 | 2 | 0 | |a ekonómia |
| 610 | 2 | 0 | |a financie |
| 100 | 1 | |a Rašín, Alois | |